| 000 | 00711nam a2200241 u 4500 | ||
|---|---|---|---|
| 005 | 20250605063850.0 | ||
| 008 | 181116s1989 r 000 0 eng d | ||
| 020 | _a8430612904 | ||
| 035 | _aUPN01000227916 | ||
| 040 |
_aUPN _bspa _cUPN |
||
| 049 | _aCG | ||
| 050 | 4 |
_aB833 _bH2.38a |
|
| 100 | 1 |
_aHabermas, Jürgen, _d1929- _928383 |
|
| 245 | 1 | 3 |
_aEl discurso filosófico de la modernidad : _bdoce lecciones / _cJurgen Habermas ; tr. de Manuel Jiménez Redondo. |
| 260 |
_aMadrid : _bAltea : _bTaurus, _c1989. |
||
| 300 | _a462 p. | ||
| 440 | 0 |
_aEnsayistas ; _v290 |
|
| 650 | 4 |
_aFilosofía moderna _98266 |
|
| 650 | 2 |
_aRacionalismo _920190 |
|
| 905 | _aLibro | ||
| 942 |
_2lcc _cLIBRO |
||
| 999 |
_c200011 _d200011 |
||